Countries - Most Repeating Letters - Statistics

General Stats
  • This quiz has been taken 74 times
  • The average score is 12 of 24
Answer Stats
Continent # Percentage Answer % Correct
North America 6 66,67% Canada
87%
North America 6 66,67% Panama
70%
Africa 7 57,14% Morocco
66%
Europe 6 66,67% Greece
64%
Asia 10 70,00% Kazakhstan
61%
Africa 10 70,00% Madagascar
59%
Europe 6 66,67% Kosovo
56%
Africa 7 71,43% Comoros
54%
Europe 7 71,43% Albania
51%
Europe 13 61,54% Liechtenstein
51%
South America 7 71,43% Uruguay
51%
Africa 8 62,50% Tanzania
49%
North America 7 71,43% Bahamas
46%
North America 7 71,43% Jamaica
46%
Africa 10 70,00% Mauritania
44%
Asia 11 63,64% Philippines
43%
Oceania 7 71,43% Vanuatu
41%
Europe 7 71,43% Andorra
39%
Africa 7 71,43% Namibia
39%
Africa 10 60,00% Seychelles
36%
Africa 7 71,43% Eritrea
30%
Asia 7 71,43% Myanmar
25%
Asia 10 70,00% Tajikistan
25%
Europe 10 70,00% Montenegro
23%
No matching quizzes found
Score Distribution
Percent of People with Each Score
Percentile by Number Answered
Your Score History
You have not taken this quiz